000 00496nam a2200169Ia 4500
999 _c119
_d119
003 OSt
005 20210914105458.0
008 190216s9999||||xx |||||||||||||| ||und||
040 _coclc
082 _a297.122594812
_bMOU/V
100 _aMoulavi, Ali
_98667
245 0 _aVishudha Quran Paribasha /
_cAli Moulavi
260 _bYamuna Publications,
_aThiruvananthapuram:
300 _a824p
650 _aArabic
942 _cBK
_2ddc
_h297.122594812
_iMOU/V
_k297.122594812
_mMOU/V